header

Nursing homes & assisted living facilities (Record no. 98057)

MARC details
000 -LEADER
fixed length control field 01439nam a22003614a 4500
082 04 - DEWEY DECIMAL CLASSIFICATION NUMBER
Classification number 362.61
100 1# - MAIN ENTRY--AUTHOR NAME
Personal name Connell, Linda H.
245 10 - TITLE STATEMENT
Title Nursing homes & assisted living facilities
250 ## - EDITION STATEMENT
Edition statement 1st ed.
260 ## - PUBLICATION, DISTRIBUTION, ETC. (IMPRINT)
Place of publication Naperville, Ill. :
Name of publisher Sphinx Pub.,
Year of publication 2004.
300 ## - PHYSICAL DESCRIPTION
Number of Pages xiii, 250 p.
500 ## - GENERAL NOTE
General note Includes index.
650 #0 - SUBJECT ADDED ENTRY--TOPICAL TERM
Topical Term Older people
Topical Term Older people
Topical Term Nursing home care
Topical Term Nursing homes
Topical Term Old age homes
856 40 - ELECTRONIC LOCATION AND ACCESS
Uniform Resource Identifier http://site.ebrary.com/lib/rucke/Doc?id=10096081

No items available.

© 2026 Rongo University
Contact us: librarian | system librarian | Rongo university